Wszystkie piosenki na których wystąpił White 2115 - Statystyki

Ogólne statystyki
  • Ten quiz został rozwiązany 166 razy
  • Średni wynik to 32 z 102
Statystyki odpowiedzi
PŁYTA PIOSENKA % Poprawnych
California
67%
Rockstar
58%
Nowi kumple White 2115 feat. Bedoes, Kuqe
54%
Hotel Maffija Hotel Maffija Jan-rapowanie, Janusz Walczuk, Białas, White 2115, Bedoes, Adi Nowak, Beteo, Mata, Solar
52%
Oh oh (lalala) White 2115 feat. Mata
52%
Młody Matczak Lalala (oh oh) Mata feat. White 2115
50%
Noc
50%
Bonus track Hel
48%
Mogę Dziś Umierać
46%
Papieros
46%
A nie pamiętasz jak? Mata, Jan-rapowanie, White 2115, Janusz Walczuk, Beteo, KACPERCZYK, Adi Nowak
45%
Diamentowy Las Białas & White 2115
45%
Do zachodu słońca
45%
La vida loca
45%
Morgan
45%
Kimś White feat. Young Multi
44%
Interziomal Small Town Boy Żabson feat. Beteo, White 2115
43%
AMG White 2115 feat. Malik Montana & Pablo 2115
42%
Pretty Boy Broly
42%
Johnny Knoxville White 2115 feat. Felivers
42%
Kap Kap White 2115 feat. Szpaku
41%
SB Starter Nie ma Boga
41%
Pałac
41%
Sen
41%
Bonus track 2020
40%
+48 White 2115 feat. Jan-rapowanie
40%
David White 2115 feat. Chivas, Mr. Polska
40%
nauczyłem się przeklinać mam na twarzy krew i tym razem nie jest sztuczna Chivas feat. White 2115
40%
Święto ogródka Białas & White 2115
40%
Zimna noc i szybkie auta White 2115, Bedoes
39%
Jesteśmy tu
38%
Sos mula White 2115 feat. Białąs
38%
Młody Książę
37%
Porsche
37%
Opowieści z Doliny Smoków Wschód (lubię zapierdalać) Bedoes feat. Kosa, White 2115
37%
Rockstar: Do zachodu słońca Wschód (Intro)
37%
Pretty Boy Booker (baw się)
36%
Zachód (Outro)
36%
Rok White 2115 feat. KUQE 2115
35%
Jaki ojciec taki syn
34%
------------ anioł pit feat. White 2115, Young Jacob
33%
Krzyki na Blokach
33%
Legenda
33%
Byliśmy Tu
32%
TRAPOLLO DI MARIA Żabson feat. White 2115
32%
Intruz White 2115 feat. Luna
32%
Kurt Cobain
32%
Parę K White 2115 feat. Białas
32%
Nowy Pop Popstar/ Rockstar Beteo feat. White 2115
32%
777 ABCD Zeamsone feat. White 2115
31%
Rockstar Balmain
31%
Blabla
31%
Cry baby
31%
SAUCE Fresh Deemz feat. White 2115, DonGURALesko
31%
nauczyłem się przeklinać hellcat redeye Chivas feat. White 2115, Szpaku
31%
Jesień w Diamentowym Lesie Białas & White 2115
31%
Jim Morrison
31%
John Travolta White 2115 feat. Żabson
31%
Mutanci Białas & White 2115
31%
Popkiller Młode Wilki 6 (2018) Nic za darmo Zeamsone, Frosti Rege, Kamil Pivot, White 2115, Fejz, Jan-rapowanie
31%
H8 Sweet Home Białas feat. White 2115
31%
Trzy Butelki
31%
Anioł Stróż
30%
Lombard dusz Białas & White 2115
30%
M550i White 2115 feat. PlanBe
30%
D.Evil
29%
Dla sióstr Bedoes, Białas, White 2115
29%
+18 Malboro Kubi Producent feat. White 2115
29%
Bonus track OK White feat. Blacha
29%
Różowy śnieg Białas & White 2115
29%
Skrywam
29%
Diamentowy Las Korzenie w bagnie Białas & White 2115
26%
Nie lubię ku Białas & White 2115
26%
Jak spadały gwiazdy Mr. Deeds Moli feat. White 2115
25%
Nie Chcę
25%
Młody Książę Flesz
24%
---------------- Znowu wieje wiatr White 2115, Jan-rapowanie, Solar, Lanek
24%
Biorę się w garść Mata, Bedoes, White 2115, Solar, Janusz Walczuk, Adi Nowak
23%
Chemia miłości Kubi Producent feat. White 2115, Adi Nowak
23%
Maffija jest na zawsze Co ty na to? Beteo, Białas, Mata, Adi Nowak, White 2115, Lanek
23%
GTR
23%
Gubię kroki
23%
QR Bonus Track Nie ma łez
23%
QR Bonus Track Tańczę
23%
Triple S
23%
Afera Białas & White 2115
22%
DMC
22%
Na Zawsze
22%
Wampir
22%
Spacer po lesie Białas & White 2115
21%
Pierwszy słońca blask Białas & White 2115
20%
Czysty diament Białas & White 2115
19%
QR Bonus Track Mnie
14%
CARTEL Piąta rano BANDURA X HELLFIELD X WHITE 2115
13%
---------------- Traproom
13%
------------ Płonie blok Pit x Young Jacob feat. White 2115
11%
FAMA LELE Blacha feat. White 2115
7%
------------- Młody tarzan BLACHA feat. Bedoes, White
6%
------------- AMERICAN PIE
5%
TRAPICAL MOON Carpe diem BLACHA feat. White 2115
5%
----------------- #Hot16challenge2
5%
------------------- Zakochany kundel Blady feat. White 2115, Ejten
2%
Nie znaleziono quizów pasujących do podanych kryteriów
Rozkład punktacji
Procent ludzi z każdym wynikiem
Percentyl według liczby udzielonych odpowiedzi
Twoja historia wyników
Nie rozwiązałeś tego quizu